00650nam a2200205Ia 450000500170000000800410001704000190005804100120007708200180008910000180010724501360012526000330026130000100029444000330030450400500033765000130038765100150040070000190041585000100043420221103134953.0131103s9999 xx 000 0 und d aLoreto College aEnglish a131.3462bFRE aBreuer, Josef aStudies on HysteriacJosef Breuer and Sigmund Freud; edited and translated by James and Alix Strachey; assisted by Angeela Richards aHarmondsworthbPenguinc1974 a425p  aThe Pelican Freud library; 3 aIncludes bibliographical references and index aHysteria aPsychology aFreud, Sigmund aLCLIB